Normal view
MARC view
Entry Término temático
Number of records used in: 3296
001 - NÚMERO DE CONTROL
- campo de control: 3732
003 - IDENTIFICADOR DE NÚMERO DE CONTROL
- campo de control: OSt
005 - FECHA Y HORA DE LA ÚLTIMA TRANSACCIÓN
- campo de control: 20221005155016.0
008 - ELEMENTOS DE DATO DE LONGITUD-FIJA
- campo de control de longitud fija: 221005|| aca||aabn | a|a d
040 ## - FUENTE DE CATALOGACIÓN
- Centro catalogador/agencia de origen: OSt
- Centro/agencia transcriptor: OSt
150 ## - ENCABEZAMIENTO--TÉRMINO DE MATERIA
- Término de materia o nombre geográfico como elemento de entrada: CASTILLA-LA MANCHA
670 ## - FUENTE DE DATOS ENCONTRADOS
- Cita de la fuente: Work cat.: (OSt)2719: Localización de los Consejos Comarcales de Empleo en Oficinas-cabeceras Comunidades Autónomas de Castilla La Mancha, Castilla-León, Valencia y Murcia :, 1990